| 000 | 01361nam a22003497a 4500 | ||
|---|---|---|---|
| 003 | OSt | ||
| 005 | 20230421132658.0 | ||
| 008 | 221006b |||||||| |||| 00| 0 eng d | ||
| 040 | _cBiblioteca Lado V | ||
| 082 |
_a700 _bS235a |
||
| 100 |
_eeditor _9807 _aSantiago, Jose Carlos de |
||
| 245 |
_aArte/ _bPor excelencias/ |
||
| 260 |
_bDecima Bienal Habana _c2009 _aCuba |
||
| 300 |
_c21x28cm _a64p. |
||
| 490 |
_a1 _v2009 |
||
| 505 | _aEditorial | ||
| 505 | _aLa alternativa bienal | ||
| 505 | _aArte del Caribe | ||
| 505 | _aVoces como ecos | ||
| 505 | _aJose Badia | ||
| 505 |
_aEl libro _gLas Aguas de expansión de Rufo Caballero Visible e Invisible Para ver el espíritu Vanidades y Rizomas Viajar con Camejo Nosotros los mas infieles |
||
| 505 |
_aEl Archivero _gUn tico en la Habana Del arte contemporaneo en Nicaragua Paraguay Esquivo |
||
| 505 |
_aEntrevista _gLourdes Fernandez |
||
| 505 | _aLa caricatura | ||
| 650 |
_2Tesauro de Arte & Arquitectura _aARTE _9703 |
||
| 650 |
_2Tesauro de Arte & Arquitectura _aCULTURA |
||
| 650 |
_2Tesauro de Arte & Arquitectura _aAPRECIACION |
||
| 650 |
_2Tesauro de Arte & Arquitectura _aARTE CONTEMPORANEO |
||
| 650 |
_2Tesauro de Arte & Arquitectura _aCRITICA |
||
| 651 |
_2Tesauro de Arte & Arquitectura _aESPAÑA |
||
| 942 |
_2ddc _c1 _h700 _iG146a _n0 |
||
| 999 |
_c3431 _d3431 |
||